Point Omega : a novel / Don DeLillo.
Available copies
- 1 of 1 copy available at LARL/NWRL Consortium.
- 1 of 1 copy available at Lake Agassiz Regional Library. (Show preferred library)
Current holds
0 current holds with 1 total copy.
Show Only Available Copies
| Location | Call Number / Copy Notes | Barcode | Shelving Location | Status | Due Date |
|---|---|---|---|---|---|
| Moorhead Public Library | DEL (Text) | 33500010332062 | Main | Available | - |
Record details
- ISBN: 9781439169957
- ISBN: 1439169950
- ISBN: 9781439169964 (pbk.)
- ISBN: 1439169969 (pbk.)
- Physical Description: p. cm.
- Publisher: New York : Scribner, 2010.
Content descriptions
| Summary, etc.: | Three unusual people--"defense intellectual" ... Read More |
Search for related items by subject
| Subject: | Official secrets > Fiction. Documentary films > Production and direction > Fiction. |
| LDR | 01581cam a22003378a 4500 | ||
|---|---|---|---|
| 001 | 112600 | ||
| 003 | LARL_NWRL_CONSORTIUM | ||
| 005 | 20100113102800.0 | ||
| 008 | 091013s2010 nyu 000 1 eng | ||
| 010 | . | ‡a2009042232 | |
| 019 | . | ‡a424555589 | |
| 020 | . | ‡a9781439169957 | |
| 020 | . | ‡a1439169950 | |
| 020 | . | ‡a9781439169964 (pbk.) | |
| 020 | . | ‡a1439169969 (pbk.) | |
| 035 | . | ‡a(OCoLC)424555494 ‡z(OCoLC)424555589 | |
| 040 | . | ‡aDLC ‡cDLC ‡dBTCTA ‡dDOV ‡dUPZ | |
| 082 | 0 | 0. | ‡a813/.54 ‡222 |
| 100 | 1 | . | ‡aDeLillo, Don. ‡0(LARL_NWRL_CONSORTIUM)57531 |
| 245 | 1 | 0. | ‡aPoint Omega : ‡ba novel / ‡cDon DeLillo. |
| 260 | . | ‡aNew York : ‡bScribner, ‡c2010. | |
| 300 | . | ‡ap. ‡ccm. | |
| 520 | . | ‡aThree unusual people--"defense intellectual" Richard Elster, who was involved in the management of the country's war machine; young documentary filmmaker Jim Finley, who is intent on documenting Elster's experience; and Elster's daughter Jessica, who behaves like an "otherworldly" woman from New York--train their binoculars on the desert landscape of California and build an odd, tender intimacy, something like a family. Then a devastating event throws everything into question. | |
| 650 | 0. | ‡aOfficial secrets ‡vFiction. | |
| 650 | 0. | ‡aDocumentary films ‡xProduction and direction ‡vFiction. | |
| 901 | . | ‡a112600 ‡bOCLC ‡c112600 ‡tbiblio | |

Add to basket
Permalink
Disable Highlighting